Inovácia informačných a komunikačných technológií v predmetoch Informatika I a II

Obsah predmetov Informatika I a II. Uplatnenie v ekonomickej praxi. Výsledok zručnosti študentov po absolvovaní predmetu Informatika II , časť – cvičenia, aplikačný program MS Access.

Salvato in:
Dettagli Bibliografici
Autore principale: Szivósová, Mária, 1958-
Natura: Capitolo di libro
Lingua:slovacco
Soggetti:
Tags: Aggiungi Tag
Nessun Tag, puoi essere il primo ad aggiungerne!!

MARC

LEADER 00000nla$a2200000$$$4500
001 0127980
005 20240502072447.0
041 0 |a slo 
044 |a SK 
245 1 0 |a Inovácia informačných a komunikačných technológií v predmetoch Informatika I a II  |c Mária Szivósová 
520 |a Obsah predmetov Informatika I a II. Uplatnenie v ekonomickej praxi. Výsledok zručnosti študentov po absolvovaní predmetu Informatika II , časť – cvičenia, aplikačný program MS Access. 
610 2 0 |a vzdelávanie vysokoškolské 
610 2 0 |a vzdelávanie elektronické 
610 2 0 |a technológie informačné 
610 2 0 |a technológie komunikačné 
610 2 0 |a informatika 
100 1 |a Szivósová, Mária, 1958-